000 00524nam a22001697a 4500
999 _c61385
_d61385
005 20240304172153.0
008 240304s2007 tu ||||| |||| 00| 0 tur d
041 _atur
080 _a821.512.161 K-21
100 _aKarakoç,Sezai
_921310
245 _aEdebiyat Yazilari 1 :
_bMedeniyetin Ruyasi Ruyanin Medeniyti Siir.
264 _aIstanbul,
_c2007.
300 _a128 p.;
_b20 cm.
653 _aლიტერატურა
653 _aლიტერატურული მწერლობა
942 _2udc
_cBK